000 00653cam a22002413a 4500
001 96
003 PGUSA
005 20140828082943.0
008 940101s1994||||xxu|||||s|||||000 1 eng d
040 _aPGUSA
_beng
042 _adc
050 4 _aPS
100 1 _aBurroughs, Edgar Rice,
_d1875-1950
245 1 4 _aThe Monster Men
_h[electronic resource] /
_cEdgar Rice Burroughs
260 _bProject Gutenberg,
_c1994
506 _aPublic domain in the USA.
516 _aElectronic text
653 _aFantasy fiction
653 _aScience fiction
830 0 _aProject Gutenberg
_v96
856 4 0 _uhttp://www.gutenberg.org/ebooks/96
942 _cEB
999 _c229467
_d229467